IX Congreso Internacional de Higiene y Demografía ... / (Record no. 163529)

MARC details
000 -LEADER
campo de control de longitud fija 00886nam a2200193 i 4500
001 - NÚMERO DE CONTROL
campo de control 163529
003 - IDENTIFICADOR DE NÚMERO DE CONTROL
campo de control ES-MaACL
005 - FECHA Y HORA DE LA ÚLTIMA TRANSACCIÓN
campo de control 20230906212746.0
008 - DATOS DE LONGITUD FIJA--INFORMACIÓN GENERAL
campo de control de longitud fija 050713s1898 sp | |||||||| ||spa d
040 ## - FUENTE DE CATALOGACIÓN
Centro catalogador/agencia de origen CAM
Lengua de catalogación spa
Centro/agencia transcriptor CAM
100 1# - ENTRADA PRINCIPAL--NOMBRE DE PERSONA
Nombre de persona Rigada y Ramón, María Encarnación de la.
9 (RLIN) 131818
245 10 - MENCIÓN DEL TÍTULO
Título IX Congreso Internacional de Higiene y Demografía ... /
Mención de responsabilidad, etc. comunicación presentada por Maria Encarnación de La Rigada y Ramón.
260 ## - PUBLICACIÓN, DISTRIBUCIÓN, ETC.
Lugar de publicación, distribución, etc. Madrid :
Nombre del editor, distribuidor, etc. [s.n.],
Fecha de publicación, distribución, etc. 1898 (
Fabricante Imprenta de Juan Iglesia)
300 ## - DESCRIPCIÓN FÍSICA
Extensión 22 p. ;
Dimensiones 16 cm.
500 ## - NOTA GENERAL
Nota general Tit. de la comunicación: "Importancia y necesidad de la antropometria en la higiene infantil"
611 2# - PUNTO DE ACCESO ADICIONAL DE MATERIA--NOMBRE DE REUNIÓN/CONGRESO
Nombre de congreso/reunión o jurisdicción como elemento de entrada Congreso Internacional de Higiene y Demografía (
Número del congreso/reunión o número de parte o sección 9ª.
Fecha del congreso o de la firma del tratado 1898.
Sede del congreso/Lugar de la reunión Madrid)
9 (RLIN) 135086
650 #4 - PUNTO DE ACCESO ADICIONAL DE MATERIA--TÉRMINO DE MATERIA
Término de materia o nombre geográfico como elemento de entrada Higiene infantil.
9 (RLIN) 136229
852 ## - LOCALIZACIÓN
Ubicación ES-MaACL
Número de control de estantería T-763-F-14
Nota libre -- Enc. hol. conservando la original
-- -- Enc. en un vol. facticio
Holdings
Estatus retirado Estado de pérdida Estado de daño No para préstamo Colección Biblioteca de origen Biblioteca actual Ubicación en estantería Fecha de adquisición Total de préstamos Signatura topográfica completa Código de barras Visto por última vez Precio de reemplazo Tipo de ítem Koha
        Colección de folletos Biblioteca del Ateneo de Madrid Biblioteca del Ateneo de Madrid Depósito folletos 17/01/2008   T-763-F-14 1171361 23/02/2023 23/02/2023 Folleto